Kaukametsän pakolaiset- hahmot - Statistics

Yleistilastot
  • Tätä visaa on pelattu 24 kertaa
  • Keskiarvotulos 18 / 39
Vastaustilastot
Hint Hahmo % Oikein
Kaukametsän eläinten johtaja Kettu
92%
Metsän vanhin, joka tuntee kaikki eläimet Mäyrä
92%
Juonikas käärme Kyy
85%
Eläin, joka rakastaa kaivaa ja syödä matoja Myyrä
85%
Petolintu, joka toimii usein tähystäjänä Haukka
69%
Metsän viisain eläin Pöllö
69%
Kanalintu, joka pelkää tulevansa ammutuksi Fasaani
54%
Toimii eläinten oppaana näiden matkalla Konna
54%
Äänekäs eläin, jolla on erottuva nauru Kärppä
46%
Kaukametsän eläinten johtajan puoliso Naaraskettu
46%
Suuri ja pahantuulinen peura Ärjy
38%
Sinikettujen johtaja Arpinaama
38%
Kiltti urosmäyrä Hoppuli
38%
Kaukametsän johtajan hurmaava pentu Hurmaaja
38%
Yllämainitun kakkosmies Kakru
38%
Uroskäärme Kiemura
38%
Urhean pennun siivekäs ystävä Korppi
38%
Sinikettujen johtajan pentu Kulkuri
38%
Rottalauman johtaja Kunkku
38%
Naaraspuolinen kärpänpoikanen Lempi
38%
Pahantuulisen peuran seuraaja Lennu
38%
Nuori myyrä Mussu
38%
Puolustaa pienten eläinten oikeuksia Peltomyyrä
38%
Puiston eläimiä vakoileva rotta Piikki
38%
Puistosta huolehtiva ihminen Puistonvartija
38%
Kaukametsän johtajan rehellinen pentu Rehti
38%
Urhean pennun poika Reima
38%
Uroskärppä Riepu
38%
Kaukametsän johtajan urhea pentu Rohkea
38%
Koira, joka kokee olevansa hyödytön Rollo
38%
Valkopeuran puiston eläinten johtaja Suuri Valkea Peura
38%
Urospuolinen kärpänpoikanen Toivo
38%
Yllämainitun veli Tomppeli
38%
Kaukametsän johtajan hajamielinen pentu Uneksija
38%
Naarasmäyrä Varjo
38%
Haikara, joka on huono laskeutumaan Viheltäjä
38%
Urhean pennun puoliso Kuiske
31%
Jäniksen tytär Pyry
31%
Suulas naarashaikara Vikkelä
31%
Ehtoja vastaavia visoja ei löytynyt
Tulosjakauma
Jokaisen tuloksen saaneiden osuus
Persentiili vastausten määrän mukaan
Tuloshistoriasi
Et ole pelannut tätä visaa